La France de A à Z - Statistiques

Statistiques générales
  • Ce quiz a été pris 687 fois
  • Le résultat moyen est 16 sur 26
Statistiques - réponses
Lettre Questions Réponse % Correct
A Quel océan borde la France métropolitaine ? Atlantique
99%
C Quel est l'arbre le plus répandu dans les forêts françaises ? Chêne
92%
M Comment s'appelle le plus haut sommet d'Europe, situé en France ? Mont Blanc
89%
F Quel Roi Français a été couronné en 1515 ? François 1er
88%
O Nom de ville Française, aussi nom de fruit Orange
88%
I Quel est le nom du film Français mettant en scène Omar Sy et François Cluzet ? Intouchable
87%
J Quel est le titre du célèbre article rédigé par Émile Zola au cours de l'affaire Dreyfus ? J'accuse
83%
G Qui est le meilleur buteur de l'EDF ? Giroud
77%
E Dans quelle discipline olympique la France a-t-elle remporté le plus de médailles ? Escrime
75%
P Quel est le NOM du 2e président de la Ve république ? (George) Pompidou
74%
Q Plat venant de l'Est Français, à base de pâte brisée ou de pâte feuilletée, de migaine et de lardons Quiche Llorraine
73%
Z Quel est le nom de scène de la chanteuse Isabelle Geffroy ? Zaz
73%
L Quel est l'ancien nom de Paris ? Lutèce
72%
N Quelle est l'origine principal de la production d'électricité en France ? Nucléaire
72%
H Quel est le surnom donné à la France ? Hexagone
71%
W Collectivité d'outre-mer française située dans l’hémisphère sud Wallis-et-Futuna
64%
D Quel droit a été instauré en 1944 ? Droit de vote pour les femmes
54%
V Quelle est le NOM de la première femme à avoir présidé le Parlement Européen ? (Simone) Veil
52%
U Quel est le nom de l'auteur de bande dessinée Français, ayant notamment travaillé sur Astérix ? Albert Uderzo
50%
B A Lyon, l'appellation "les ....." est utilisée pour désigner des restaurants. (compléter les pointillés par un mot) Bouchons
48%
S Quel est l'archipel français d'Amérique du Nord situé dans l'océan Atlantique ? Saint-Pierre-et-Miquelon
37%
Y Qui a été la première femme à entrer à l'Académie Française ? (Marguerite) Yourcenar
34%
K Sous quel pseudo est plus connu Okou Gnakouri ? Kaaris
24%
R Quel est l'origine de la langue Française ? (langue d'origine) Romane
20%
T Quel évènement historique symbolise la naissance de la France en 843 ? Traité de Verdun de 843
9%
X Quel est l'autre nom du bourdon noir, présent en France ? Xylocope
4%
Aucun quiz correspondant
Distribution des résultats
% des personnes avec chaque résultat
Percentile par nombre de réponses
Votre historique - résultats
Vous n’avez pas pris ce quiz